[Event "Andorra Open"]
[Site "Escaldes"]
[Date "2019.07.31"]
[Round "5.21"]
[White "Rendle, Thomas E"]
[Black "Viers, Emmanuel"]
[Result "1-0"]
[WhiteElo "2372"]
[BlackElo "2167"]
[PlyCount "53"]
[EventDate "2019.07.??"]
[EventType "swiss"]
[EventRounds "9"]
[EventCountry "AND"]

1. e4 c5 2. Nc3 Nc6 3. Bb5 g6 4. Bxc6 bxc6 5. f4 Bg7 6. d3 d6 7. Nf3 Bg4 8. h3
Bxf3 9. Qxf3 Qb6 10. O-O c4+ 11. Kh1 cxd3 12. Qxd3 Nf6 13. Rb1 O-O 14. e5 dxe5
15. fxe5 Ne8 16. Bg5 Qc7 17. e6 f6 18. Bf4 Nd6 19. Ne4 Rad8 20. Nc5 f5 21. Nd7
Rfe8 22. Rbd1 Bxb2 23. c3 Rxd7 24. exd7 Qxd7 25. Bxd6 exd6 26. Qc2 Rb8 27. Rb1
1-0

[Event "Andorra Open"]
[Site "Escaldes"]
[Date "2019.07.31"]
[Round "5.22"]
[White "Varela La Madrid, Tilsia Carolina"]
[Black "Vogt, Lothar"]
[Result "0-1"]
[WhiteElo "2068"]
[BlackElo "2360"]
[PlyCount "76"]
[EventDate "2019.07.??"]
[EventType "swiss"]
[EventRounds "9"]
[EventCountry "AND"]

1. e4 c5 2. c3 Nf6 3. e5 Nd5 4. d4 cxd4 5. Nf3 e6 6. cxd4 d6 7. Bc4 Nc6 8. O-O
Be7 9. Qe2 O-O 10. Nc3 Nxc3 11. bxc3 dxe5 12. dxe5 b6 13. Rd1 Qc7 14. Bf4 Bb7
15. Bd3 Rfd8 16. Ng5 h6 17. Nh3 Bf8 18. Qe4 g6 19. Qe3 Ne7 20. c4 Qc6 21. Bf1
Nf5 22. Qe2 Bg7 23. Bg3 Qc5 24. Rxd8+ Rxd8 25. Re1 g5 26. Kh1 Qb4 27. Rd1 Rxd1
28. Qxd1 Nxg3+ 29. hxg3 Bxe5 30. Bd3 Qb2 31. Bc2 Qa1 32. Qxa1 Bxa1 33. Ng1 f5
34. Ne2 Kf7 35. Kg1 Kf6 36. f3 Ke5 37. Kf1 Kd6 38. Ke1 a5 0-1

[Event "Andorra Open"]
[Site "Escaldes"]
[Date "2019.07.31"]
[Round "5.23"]
[White "Van Der Lende, Ilias"]
[Black "Ostolazaga Barragan, Eneko"]
[Result "1-0"]
[WhiteElo "2350"]
[BlackElo "2067"]
[PlyCount "91"]
[EventDate "2019.07.??"]
[EventType "swiss"]
[EventRounds "9"]
[EventCountry "AND"]

1. d4 e6 2. Nf3 Nf6 3. c4 b6 4. g3 Ba6 5. b3 b5 6. cxb5 Bxb5 7. Bg2 d5 8. O-O
Bd6 9. a4 Ba6 10. Ba3 O-O 11. b4 c6 12. Nc3 Qe7 13. Qb3 Bc4 14. Qb2 a5 15. bxa5
Bxa3 16. Qxa3 Qxa3 17. Rxa3 Rxa5 18. Nd2 c5 19. Nxc4 dxc4 20. d5 exd5 21. Nxd5
Nbd7 22. Nxf6+ gxf6 23. Bc6 Ne5 24. Bb5 Rfa8 25. Rc3 Rxa4 26. Bxa4 Rxa4 27.
Rfc1 Ra2 28. R1c2 Ra1+ 29. Kg2 Nc6 30. Rxc4 Nd4 31. Rd2 Kg7 32. g4 Ne6 33. f4
Re1 34. Re4 h5 35. h3 hxg4 36. hxg4 Rc1 37. Rd7 Nf8 38. Ra7 Ng6 39. Raa4 f5 40.
gxf5 Nh4+ 41. Kf2 Nxf5 42. Rac4 Rxc4 43. Rxc4 Nd6 44. Rc1 f5 45. Ke3 Ne4 46.
Rc4 1-0

[Event "Andorra Open"]
[Site "Escaldes"]
[Date "2019.07.31"]
[Round "5.24"]
[White "Estadieu, Romeo"]
[Black "Blom, Vincent"]
[Result "1/2-1/2"]
[WhiteElo "2114"]
[BlackElo "2306"]
[PlyCount "84"]
[EventDate "2019.07.??"]
[EventType "swiss"]
[EventRounds "9"]
[EventCountry "AND"]

1. d4 Nf6 2. c4 e6 3. Nc3 Bb4 4. e3 O-O 5. Bd3 d6 6. Nge2 c5 7. O-O Nc6 8. a3
Ba5 9. Rb1 Qe7 10. d5 exd5 11. cxd5 Ne5 12. b4 Bb6 13. Ng3 Nfg4 14. Bf5 cxb4
15. Rxb4 Ba5 16. Rb3 Bxc3 17. Rxc3 Qh4 18. Bxg4 Nxg4 19. h3 Nxf2 20. Rxf2 Qxg3
21. Rf3 Qg6 22. Qc2 Qxc2 23. Rxc2 Bd7 24. Rc7 Rac8 25. Rxd7 Rxc1+ 26. Kh2 Rc3
27. e4 Rc4 28. Re3 Rb8 29. Rf3 f6 30. Rg3 g6 31. Rxd6 Rxe4 32. Rxf6 Rd8 33. Rd3
Kg7 34. Rf2 Rd6 35. Rc2 Re7 36. Kg3 Kf7 37. Rc8 Red7 38. Kf4 Kf6 39. Ke4 Ra6
40. Rc4 Ke7 41. Ke5 Rb6 42. g4 Rb1 1/2-1/2

[Event "Andorra Open"]
[Site "Escaldes"]
[Date "2019.07.31"]
[Round "5.25"]
[White "Fernandez Gil, Marco Antonio"]
[Black "Luke Brezmes, Cristofer"]
[Result "1-0"]
[WhiteElo "2201"]
[BlackElo "2076"]
[PlyCount "53"]
[EventDate "2019.07.??"]
[EventType "swiss"]
[EventRounds "9"]
[EventCountry "AND"]

1. e4 e5 2. Nf3 Nc6 3. d4 exd4 4. Nxd4 Bc5 5. Be3 Qf6 6. c3 b6 7. g3 Nge7 8.
Bg2 Bb7 9. b4 Bxd4 10. cxd4 Qg6 11. a3 f5 12. e5 Qf7 13. Nc3 f4 14. Bxf4 Qc4
15. Ne2 Nxd4 16. Bxb7 Nxe2 17. Qxe2 Qc3+ 18. Kf1 Qxa1+ 19. Kg2 Qxa3 20. Bxa8 c6
21. e6 Qxb4 22. exd7+ Kxd7 23. Rd1+ Nd5 24. Qg4+ Ke7 25. Qxg7+ Ke6 26. Qe5+ Kf7
27. Rxd5 1-0

[Event "Andorra Open"]
[Site "Escaldes"]
[Date "2019.08.01"]
[Round "6.2"]
[White "Riff, Jean-Noel"]
[Black "Fedorchuk, Sergey A"]
[Result "1/2-1/2"]
[WhiteElo "2495"]
[BlackElo "2633"]
[PlyCount "21"]
[EventDate "2019.??.??"]
[EventCountry "AND"]
[WhiteClock "1:26:23"]
[BlackClock "1:06:48"]

1. e4 {[%emt 0:00:01]} c5 {[%emt 0:01:23]} 2. Nf3 {[%emt 0:00:14]} e6 {[%emt 0:
00:58]} 3. d4 {[%emt 0:00:04]} cxd4 {[%emt 0:00:11]} 4. Nxd4 {[%emt 0:00:03]}
Nc6 {[%emt 0:01:40]} 5. Nc3 {[%emt 0:00:21]} d6 {[%emt 0:01:49]} 6. Be2 {
[%emt 0:00:27]} Nf6 {[%emt 0:05:08]} 7. O-O {[%emt 0:04:01]} Be7 {[%emt 0:02:
16]} 8. Be3 {[%emt 0:00:58]} O-O {[%emt 0:02:25]} 9. f4 {[%emt 0:02:07]} Bd7 {
[%emt 0:02:19]} 10. Kh1 {[%emt 0:01:10]} a6 {[%emt 0:10:20]} 11. Qe1 {[%emt 0:
00:23]} 1/2-1/2

[Event "Andorra Open"]
[Site "Escaldes"]
[Date "2019.08.01"]
[Round "6.3"]
[White "Narciso Dublan, Marc"]
[Black "Peralta, Fernando"]
[Result "1/2-1/2"]
[WhiteElo "2489"]
[BlackElo "2562"]
[PlyCount "102"]
[EventDate "2019.??.??"]
[EventCountry "AND"]
[WhiteClock "0:06:02"]
[BlackClock "0:07:29"]

1. d4 {[%emt 0:00:06]} e6 {[%emt 0:00:23]} 2. c4 {[%emt 0:00:17]} Nf6 {[%emt 0:
00:28]} 3. Nc3 {[%emt 0:00:16]} Bb4 {[%emt 0:00:21]} 4. f3 {[%emt 0:00:36]} d5
{[%emt 0:08:02]} 5. a3 {[%emt 0:00:10]} Bxc3+ {[%emt 0:00:05]} 6. bxc3 {
[%emt 0:00:06]} c5 {[%emt 0:00:23]} 7. cxd5 {[%emt 0:00:08]} exd5 {[%emt 0:00:
13]} 8. e3 {[%emt 0:00:12]} O-O {[%emt 0:00:17]} 9. Bd3 {[%emt 0:00:11]} b6 {
[%emt 0:00:21]} 10. Ne2 {[%emt 0:00:19]} Ba6 {[%emt 0:00:13]} 11. O-O {[%emt 0:
00:24]} Re8 {[%emt 0:00:12]} 12. Ng3 {[%emt 0:00:45]} Bxd3 {[%emt 0:00:11]} 13.
Qxd3 {[%emt 0:00:07]} Nc6 {[%emt 0:00:05]} 14. Bb2 {[%emt 0:00:32]} c4 {
[%emt 0:03:52]} 15. Qd2 {[%emt 0:00:18]} h5 {[%emt 0:01:35]} 16. Rae1 {[%emt 0:
01:38]} h4 {[%emt 0:01:06]} 17. Nh1 {[%emt 0:00:24]} b5 {[%emt 0:10:12]} 18.
Nf2 {[%emt 0:01:04]} a5 {[%emt 0:00:10]} 19. e4 {[%emt 0:13:02]} Rb8 {[%emt 0:
00:59]} 20. Qf4 {[%emt 0:25:59]} b4 {[%emt 0:18:04]} 21. axb4 {[%emt 0:02:30]}
axb4 {[%emt 0:00:05]} 22. Qxh4 {[%emt 0:00:51]} bxc3 {[%emt 0:12:59]} 23. Bxc3
{[%emt 0:00:18]} Rb3 {[%emt 0:00:27]} 24. Bd2 {[%emt 0:31:22]} Nh7 {[%emt 0:09:
54]} 25. exd5 {[%emt 0:03:25]} Ne7 {[%emt 0:01:38]} 26. Ba5 {[%emt 0:07:39]}
Qd7 {[%emt 0:05:29]} 27. Ne4 {[%emt 0:00:46]} Qxd5 {[%emt 0:03:49]} 28. Nc5 {
[%emt 0:00:26]} Rb5 {[%emt 0:01:13]} 29. Bc3 {[%emt 0:03:32]} Qd8 {[%emt 0:01:
59]} 30. Qe4 {[%emt 0:03:39]} Rb8 {[%emt 0:02:39]} 31. Qc2 {[%emt 0:01:15]} Nf6
{[%emt 0:01:13]} 32. Re5 {[%emt 0:02:11]} Nc6 {[%emt 0:10:08]} 33. Rxe8+ {
[%emt 0:00:11]} Qxe8 {[%emt 0:00:04]} 34. Re1 {[%emt 0:00:23]} Qd8 {[%emt 0:00:
22]} 35. Qa2 {[%emt 0:01:48]} Qd5 {[%emt 0:01:22]} 36. Ne4 {[%emt 0:00:11]} Nd7
{[%emt 0:01:25]} 37. Qd2 {[%emt 0:00:34]} Rd8 {[%emt 0:02:04]} 38. Qg5 {
[%emt 0:00:53]} Qxg5 {[%emt 0:01:27]} 39. Nxg5 {[%emt 0:00:02]} Nb6 {[%emt 0:
01:02]} 40. Kf2 {[%emt 0:00:54]} Nd5 {[%emt 0:03:00]} 41. Rc1 {[%emt 0:05:30]}
Ra8 {[%emt 0:08:39]} 42. Kg3 {[%emt 0:11:04]} Ra2 {[%emt 0:06:59]} 43. Ne4 {
[%emt 0:01:40]} Ne3 {[%emt 0:08:01]} 44. Bd2 {[%emt 0:07:40]} Nf5+ {[%emt 0:02:
54]} 45. Kh3 {[%emt 0:00:53]} Nfxd4 {[%emt 0:00:08]} 46. Rxc4 {[%emt 0:01:41]}
f5 {[%emt 0:00:38]} 47. Bc3 {[%emt 0:01:12]} fxe4 {[%emt 0:00:42]} 48. Bxd4 {
[%emt 0:00:07]} Nxd4 {[%emt 0:00:07]} 49. Rxd4 {[%emt 0:00:03]} exf3 {[%emt 0:
00:08]} 50. gxf3 {[%emt 0:00:04]} Kf7 {[%emt 0:00:37]} 51. Kg3 {[%emt 0:00:17]}
Ra1 {[%emt 0:00:26]} 1/2-1/2

[Event "Andorra Open"]
[Site "Escaldes"]
[Date "2019.08.01"]
[Round "6.8"]
[White "Ruiz Castillo, Joshua Daniel"]
[Black "Suarez Uriel, Adrian"]
[Result "1-0"]
[WhiteElo "2501"]
[BlackElo "2392"]
[PlyCount "191"]
[EventDate "2019.??.??"]
[EventCountry "AND"]
[WhiteClock "0:46:17"]
[BlackClock "0:07:08"]

1. e4 {[%emt 0:20:11]} d6 {[%emt 0:00:08]} 2. d4 {[%emt 0:00:04]} Nf6 {[%emt 0:
00:05]} 3. Nc3 {[%emt 0:00:03]} e5 {[%emt 0:00:06]} 4. Nf3 {[%emt 0:00:04]}
Nbd7 {[%emt 0:00:07]} 5. Bc4 {[%emt 0:00:12]} Be7 {[%emt 0:00:21]} 6. O-O {
[%emt 0:00:05]} exd4 {[%emt 0:00:09]} 7. Qxd4 {[%emt 0:00:52]} Nb6 {[%emt 0:01:
29]} 8. Bb3 {[%emt 0:04:40]} O-O {[%emt 0:00:11]} 9. h3 {[%emt 0:00:23]} Nfd7 {
[%emt 0:00:22]} 10. a4 {[%emt 0:00:35]} a5 {[%emt 0:00:05]} 11. Be3 {[%emt 0:
07:07]} Re8 {[%emt 0:15:53]} 12. Rad1 {[%emt 0:09:04]} Nc5 {[%emt 0:17:19]} 13.
Ba2 {[%emt 0:12:06]} Be6 {[%emt 0:07:44]} 14. Bxe6 {[%emt 0:00:04]} Nxe6 {
[%emt 0:00:08]} 15. Qd3 {[%emt 0:00:04]} c6 {[%emt 0:00:33]} 16. b3 {[%emt 0:
01:44]} Qc7 {[%emt 0:05:09]} 17. Nd4 {[%emt 0:03:21]} Nc5 {[%emt 0:02:25]} 18.
Qd2 {[%emt 0:00:05]} Bf8 {[%emt 0:00:55]} 19. Nf5 {[%emt 0:02:21]} Rad8 {
[%emt 0:01:34]} 20. Bxc5 {[%emt 0:01:57]} dxc5 {[%emt 0:00:09]} 21. Qg5 {
[%emt 0:00:10]} Kh8 {[%emt 0:04:00]} 22. f4 {[%emt 0:03:21]} f6 {[%emt 0:04:58]
} 23. Qg3 {[%emt 0:05:02]} Rxd1 {[%emt 0:13:56]} 24. Rxd1 {[%emt 0:00:06]} c4 {
[%emt 0:00:30]} 25. Qf3 {[%emt 0:01:12]} cxb3 {[%emt 0:02:59]} 26. cxb3 Nd7 {
[%emt 0:00:31]} 27. Kh1 {[%emt 0:01:32]} Nc5 {[%emt 0:00:15]} 28. Nd4 {[%emt 0:
00:01]} Qf7 {[%emt 0:05:44]} 29. Rb1 {[%emt 0:00:58]} Rd8 {[%emt 0:03:17]} 30.
Qe3 {[%emt 0:00:04]} Re8 {[%emt 0:03:58]} 31. e5 {[%emt 0:00:52]} fxe5 {
[%emt 0:00:54]} 32. fxe5 {[%emt 0:00:02]} Ne6 {[%emt 0:00:28]} 33. Nf3 {
[%emt 0:00:28]} Bc5 {[%emt 0:00:13]} 34. Qe4 {[%emt 0:00:08]} Rf8 {[%emt 0:02:
21]} 35. Rd1 {[%emt 0:01:06]} Rd8 {[%emt 0:01:20]} 36. Rxd8+ {[%emt 0:02:07]}
Nxd8 {[%emt 0:00:01]} 37. Qd3 {[%emt 0:00:18]} Be7 {[%emt 0:04:02]} 38. Qd7 {
[%emt 0:00:35]} h6 {[%emt 0:00:15]} 39. Ne4 {[%emt 0:00:20]} Kh7 {[%emt 0:01:
38]} 40. Qc7 {[%emt 0:00:29]} b5 {[%emt 0:02:41]} 41. Nd6 {[%emt 0:02:38]} Qe6
{[%emt 0:04:58]} 42. axb5 {[%emt 0:00:27]} cxb5 {[%emt 0:00:02]} 43. Nxb5 {
[%emt 0:01:36]} Nc6 {[%emt 0:03:59]} 44. Nbd4 {[%emt 0:03:06]} Nxd4 {[%emt 0:
00:07]} 45. Nxd4 {[%emt 0:00:02]} Qd5 {[%emt 0:03:57]} 46. Qc2+ {[%emt 0:01:46]
} Kg8 {[%emt 0:01:11]} 47. Qc8+ {[%emt 0:00:15]} Kh7 {[%emt 0:00:05]} 48. Qc2+
{[%emt 0:01:28]} Kg8 {[%emt 0:00:01]} 49. Nf3 {[%emt 0:00:49]} Bc5 {[%emt 0:04:
40]} 50. Kh2 {[%emt 0:00:55]} Be7 {[%emt 0:00:59]} 51. Kg3 {[%emt 0:01:13]} Qe6
{[%emt 0:01:12]} 52. Qd3 {[%emt 0:00:21]} Kf7 {[%emt 0:00:35]} 53. Qb5 {
[%emt 0:00:19]} Bb4 {[%emt 0:00:47]} 54. Nd4 {[%emt 0:00:52]} Qg6+ {[%emt 0:00:
55]} 55. Kh2 {[%emt 0:00:05]} Qe4 {[%emt 0:03:05]} 56. Qc4+ {[%emt 0:00:15]}
Kg6 {[%emt 0:00:54]} 57. Qc6+ {[%emt 0:00:15]} Qxc6 {[%emt 0:00:08]} 58. Nxc6
Bc3 {[%emt 0:00:14]} 59. Kg3 {[%emt 0:00:07]} Kf5 {[%emt 0:00:27]} 60. Kf3 {
[%emt 0:00:08]} Bxe5 {[%emt 0:04:03]} 61. Nxa5 {[%emt 0:00:04]} h5 {[%emt 0:00:
47]} 62. Nc6 {[%emt 0:02:55]} Bd6 {[%emt 0:00:01]} 63. b4 {[%emt 0:00:21]} g5 {
[%emt 0:01:32]} 64. g4+ {[%emt 0:00:18]} hxg4+ {[%emt 0:00:01]} 65. hxg4+ Ke6 {
[%emt 0:00:05]} 66. Ke4 {[%emt 0:00:06]} Bf4 {[%emt 0:00:18]} 67. Nd4+ {
[%emt 0:02:02]} Kd6 {[%emt 0:00:05]} 68. Nf3 {[%emt 0:01:13]} Kc6 {[%emt 0:00:
11]} 69. Kd4 {[%emt 0:00:19]} Bc1 {[%emt 0:01:54]} 70. Kc4 {[%emt 0:00:07]} Be3
{[%emt 0:00:08]} 71. Nd4+ {[%emt 0:00:08]} Kb6 {[%emt 0:00:19]} 72. b5 {
[%emt 0:01:15]} Bf2 {[%emt 0:00:15]} 73. Nc6 {[%emt 0:00:45]} Kc7 {[%emt 0:00:
23]} 74. Kd5 {[%emt 0:02:22]} Kb6 {[%emt 0:00:02]} 75. Nd4 Be3 {[%emt 0:00:37]}
76. Kc4 {[%emt 0:00:04]} Bf2 {[%emt 0:00:04]} 77. Nf3 {[%emt 0:01:06]} Be3 {
[%emt 0:00:08]} 78. Ne5 {[%emt 0:00:01]} Bf2 {[%emt 0:02:08]} 79. Nd7+ {
[%emt 0:01:58]} Kc7 {[%emt 0:00:04]} 80. Nc5 {[%emt 0:00:01]} Be3 {[%emt 0:00:
10]} 81. Ne4 {[%emt 0:00:16]} Kd7 {[%emt 0:03:23]} 82. Kd5 {[%emt 0:00:49]} Kc7
{[%emt 0:00:01]} 83. Nd6 {[%emt 0:00:12]} Bf2 {[%emt 0:00:41]} 84. Nc4 {
[%emt 0:00:39]} Kb7 {[%emt 0:00:19]} 85. Ke4 {[%emt 0:00:55]} Bc5 {[%emt 0:00:
29]} 86. Kd3 {[%emt 0:00:12]} Bf2 {[%emt 0:00:09]} 87. Kc3 {[%emt 0:00:12]} Kc7
{[%emt 0:00:20]} 88. Kb4 {[%emt 0:00:18]} Be1+ {[%emt 0:03:11]} 89. Ka4 {
[%emt 0:00:09]} Kd7 {[%emt 0:00:45]} 90. Ne5+ {[%emt 0:00:14]} Kc7 {[%emt 0:00:
13]} 91. Nf3 {[%emt 0:00:05]} Bh4 {[%emt 0:00:17]} 92. Kb4 {[%emt 0:01:27]} Kb6
{[%emt 0:00:01]} 93. Kc4 Kc7 {[%emt 0:00:06]} 94. Kd5 {[%emt 0:00:18]} Kb6 {
[%emt 0:00:12]} 95. Nxh4 {[%emt 0:00:05]} Kc7 {[%emt 0:00:16]} 96. Ke4 1-0

[Event "Andorra Open"]
[Site "Escaldes"]
[Date "2019.08.01"]
[Round "6.9"]
[White "Mosquera, Miguel"]
[Black "Cuartas, Jaime Alexander"]
[Result "1/2-1/2"]
[WhiteElo "2385"]
[BlackElo "2542"]
[PlyCount "22"]
[EventDate "2019.??.??"]
[EventCountry "AND"]

1. e4 e5 2. Nf3 Nc6 3. d4 exd4 4. Nxd4 Nf6 5. Nc3 Bb4 6. Nxc6 bxc6 7. Bd3 d5 8.
exd5 Qe7+ 9. Qe2 Nxd5 10. Bd2 Nxc3 11. Qxe7+ Kxe7 1/2-1/2

[Event "Andorra Open"]
[Site "Escaldes"]
[Date "2019.08.01"]
[Round "6.10"]
[White "Kharitonov, Alexandr"]
[Black "Rendle, Thomas E"]
[Result "1-0"]
[WhiteElo "2540"]
[BlackElo "2372"]
[PlyCount "46"]
[EventDate "2019.??.??"]
[EventCountry "AND"]

1. Nf3 Nf6 2. c4 e6 3. g3 d5 4. Bg2 dxc4 5. Qa4+ Bd7 6. Qxc4 Bc6 7. O-O Be7 8.
Qc2 a5 9. d3 Na6 10. Nbd2 O-O 11. Nc4 b6 12. Nce5 Bb7 13. Nc6 Qd6 14. Nfe5 Nb4
15. Nxb4 Bxg2 16. Kxg2 axb4 17. Nc6 Qc5 18. Qxc5 Bxc5 19. d4 Bd6 20. Bd2 Ne4
21. Bxb4 Bxb4 22. Nxb4 c5 23. Nc6 Ra6 1-0

[Event "Andorra Open"]
[Site "Escaldes"]
[Date "2019.08.01"]
[Round "6.12"]
[White "Van Der Lende, Ilias"]
[Black "Stella, Andrea"]
[Result "1/2-1/2"]
[WhiteElo "2350"]
[BlackElo "2511"]
[PlyCount "98"]
[EventDate "2019.??.??"]
[EventCountry "AND"]

1. e4 c5 2. c3 Nf6 3. e5 Nd5 4. d4 cxd4 5. Nf3 Nc6 6. cxd4 d6 7. Bc4 dxe5 8.
Nxe5 e6 9. O-O Be7 10. Qg4 O-O 11. Rd1 Bf6 12. Nxc6 bxc6 13. Qe4 Bb7 14. Qe2 c5
15. dxc5 Qa5 16. Bxd5 exd5 17. Nc3 Qxc5 18. Qb5 Qxb5 19. Nxb5 a6 20. Nd4 Rac8
21. Be3 Rc4 22. Rd3 Rfc8 23. h3 Bxd4 24. Bxd4 f6 25. Kh2 Kf7 26. Rad1 R8c7 27.
Rb3 Ra4 28. a3 Rac4 29. Rdd3 Bc8 30. Be3 Be6 31. Rb6 R7c6 32. Rb7+ Rc7 33. Rdb3
Bd7 34. R3b6 Bb5 35. b3 Rc2 36. a4 Bd3 37. b4 Rxb7 38. Rxb7+ Kg6 39. b5 axb5
40. axb5 Be4 41. Rd7 Rb2 42. b6 d4 43. Rxd4 Bc6 44. Rd6 Be4 45. g4 h5 46. g5 h4
47. Rd4 f5 48. Rd6+ Kh5 49. Rd4 Bf3 1/2-1/2

[Event "Andorra Open"]
[Site "Escaldes"]
[Date "2019.08.01"]
[Round "6.13"]
[White "Henderson De La Fuente, Lance"]
[Black "Gomez Anadon, Daniel"]
[Result "1-0"]
[WhiteElo "2471"]
[BlackElo "2305"]
[PlyCount "81"]
[EventDate "2019.??.??"]
[EventCountry "AND"]

1. e4 c5 2. Nf3 d6 3. d4 Nf6 4. dxc5 Nxe4 5. cxd6 Nc6 6. Be3 Nxd6 7. Nc3 g6 8.
Nb5 Nxb5 9. Qxd8+ Kxd8 10. Bxb5 f6 11. O-O-O+ Kc7 12. Nd4 e5 13. Nxc6 bxc6 14.
Bc4 Bf5 15. h4 h5 16. Rd2 Bh6 17. Bxh6 Rxh6 18. Rhd1 Rh7 19. b4 Rd7 20. a4 Rad8
21. Rxd7+ Rxd7 22. Rxd7+ Bxd7 23. Bf7 g5 24. hxg5 fxg5 25. Bxh5 c5 26. b5 Kb6
27. c3 Be6 28. Bd1 Bd5 29. g3 Ka5 30. Kb2 c4 31. Bc2 Bf3 32. Kc1 Bb7 33. Kd2
Bf3 34. Ke3 g4 35. Kd2 Kb6 36. Bf5 Kc5 37. Be6 e4 38. Bd7 Kb6 39. Be8 Kc5 40.
a5 Kd5 41. Ke3 1-0

[Event "Andorra Open"]
[Site "Escaldes"]
[Date "2019.08.01"]
[Round "6.15"]
[White "Fluvia Poyatos, Jordi"]
[Black "Laliena Solanes, Luis"]
[Result "1/2-1/2"]
[WhiteElo "2455"]
[BlackElo "2175"]
[PlyCount "125"]
[EventDate "2019.??.??"]
[EventCountry "AND"]

1. e4 c6 2. d4 d5 3. e5 c5 4. Nf3 Nc6 5. c4 Bg4 6. cxd5 Qxd5 7. Nc3 Bxf3 8.
Nxd5 Bxd1 9. Nc7+ Kd8 10. Nxa8 Bh5 11. d5 Nxe5 12. Bf4 f6 13. Bb5 e6 14. dxe6
Bd6 15. Bxe5 fxe5 16. g4 Bxg4 17. Rg1 Nf6 18. f3 Bxf3 19. Rxg7 Rg8 20. Rxg8+
Nxg8 21. Kf2 Bd5 22. Rd1 Nf6 23. Bc4 Bxc4 24. Rxd6+ Ke7 25. Rd1 Bxe6 26. Nc7
Bxa2 27. Ra1 Bc4 28. Rxa7 Ne4+ 29. Ke3 Nd6 30. Na8 Ba6 31. Nb6 Kd8 32. Nd5 Kd7
33. Ra8 Nc4+ 34. Ke4 Nxb2 35. Kxe5 Nc4+ 36. Kf4 Kc6 37. Nc3 Nd6 38. Ne4 Nxe4
39. Kxe4 Bc4 40. Rc8+ Kb6 41. Ke5 Bd3 42. Kd5 c4 43. Kd4 Kb5 44. Kc3 b6 45. Re8
Kc6 46. Re5 Kd6 47. Rb5 Kc6 48. Rg5 Kd6 49. Kd4 Kc6 50. Rh5 Kc7 51. Rh6 Kb7 52.
Kc3 Kc7 53. Kb4 Kb7 54. Rh3 Kc6 55. Rh6+ Kb7 56. Rd6 Kc7 57. Rd5 Kc6 58. Rd4
Be2 59. Re4 Bd3 60. Re3 Kd5 61. Kc3 Kd6 62. Kb4 Kd5 63. Kc3 1/2-1/2

[Event "Andorra Open"]
[Site "Escaldes"]
[Date "2019.08.01"]
[Round "6.16"]
[White "Fernandez Gil, Marco Antonio"]
[Black "Roberson, Peter T"]
[Result "0-1"]
[WhiteElo "2201"]
[BlackElo "2429"]
[PlyCount "52"]
[EventDate "2019.??.??"]
[EventCountry "AND"]

1. e4 e6 2. d4 d5 3. Nd2 Be7 4. c3 c5 5. exd5 Qxd5 6. Ngf3 cxd4 7. Bc4 Qh5 8.
O-O Nc6 9. cxd4 Nf6 10. Nb3 O-O 11. Ne5 Qxd1 12. Rxd1 Nb4 13. Bg5 h6 14. Bh4 b6
15. Bb5 Bb7 16. a3 Nbd5 17. Bc6 Bxc6 18. Nxc6 g5 19. Bg3 Rfc8 20. Rac1 Bf8 21.
Rc2 Ne4 22. Nd2 Nec3 23. bxc3 Rxc6 24. Nb1 Rac8 25. Rd3 b5 26. f3 b4 0-1

[Event "Andorra Open"]
[Site "Escaldes"]
[Date "2019.08.01"]
[Round "6.17"]
[White "Hansen, Mads"]
[Black "Maddens, Martijn"]
[Result "1-0"]
[WhiteElo "2406"]
[BlackElo "2148"]
[PlyCount "53"]
[EventDate "2019.??.??"]
[EventCountry "AND"]

1. e4 c5 2. Nf3 d6 3. d4 cxd4 4. Nxd4 Nf6 5. Nc3 a6 6. g3 g6 7. Bg2 Bg7 8. O-O
O-O 9. Re1 Qc7 10. Nd5 Nxd5 11. exd5 Re8 12. c3 Nd7 13. Bg5 Ne5 14. Qd2 f6 15.
Bh6 Qc4 16. Bxg7 Kxg7 17. Re4 Qc7 18. Rae1 Nf7 19. Qe3 Kf8 20. Re6 Qd8 21. h4
h5 22. Be4 Kg7 23. Bxg6 Kxg6 24. Qe4+ Kg7 25. Nf5+ Kf8 26. Qf3 Bxe6 27. dxe6
1-0

[Event "Andorra Open"]
[Site "Escaldes"]
[Date "2019.08.01"]
[Round "6.18"]
[White "Vavulin, Maxim"]
[Black "Barbazan Bilbao, Xabier"]
[Result "1-0"]
[WhiteElo "2561"]
[BlackElo "2140"]
[PlyCount "83"]
[EventDate "2019.??.??"]
[EventCountry "AND"]

1. e4 c5 2. Nf3 Nc6 3. d4 cxd4 4. Nxd4 g6 5. Nc3 Bg7 6. Be3 Nf6 7. Bc4 Qa5 8.
O-O O-O 9. Bb3 d6 10. h3 Bd7 11. Re1 Rfe8 12. Qd3 Ne5 13. Qe2 b5 14. Bd2 b4 15.
Nd5 Nxd5 16. exd5 Rac8 17. Rad1 Qc5 18. Be3 Qc7 19. Qa6 Nc4 20. Bc1 Qc5 21. Nc6
Bxc6 22. Bxc4 Bd7 23. b3 Bd4 24. Re2 Rc7 25. a3 bxa3 26. Bxa3 Qb6 27. Qxb6 Bxb6
28. Ba6 Bc8 29. Bd3 Bc5 30. b4 Bb6 31. c4 Kf8 32. c5 dxc5 33. bxc5 Bxc5 34. Rc1
Bxa3 35. Rxc7 a5 36. Ra7 Bb4 37. Bb5 Rd8 38. Ra8 Kg7 39. Bc6 e6 40. Bb7 Bxb7
41. Rxd8 Bxd5 42. Rb2 1-0

[Event "Andorra Open"]
[Site "Escaldes"]
[Date "2019.08.01"]
[Round "6.19"]
[White "Vega Gutierrez, Sabrina"]
[Black "Vega Gutierrez, Belinda"]
[Result "1/2-1/2"]
[WhiteElo "2385"]
[BlackElo "2133"]
[PlyCount "47"]
[EventDate "2019.??.??"]
[EventCountry "AND"]

1. e4 e5 2. Nf3 Nc6 3. d4 exd4 4. Nxd4 Nf6 5. Nc3 Bb4 6. Nxc6 bxc6 7. Bd3 d5 8.
exd5 cxd5 9. O-O O-O 10. Bg5 c6 11. Qf3 Be7 12. h3 h6 13. Bf4 Bd6 14. Ne2 Re8
15. Bxd6 Qxd6 16. Rfe1 Bd7 17. Qf4 Qxf4 18. Nxf4 Rxe1+ 19. Rxe1 Re8 20. Kf1 Kf8
21. g4 Rxe1+ 22. Kxe1 Ke7 23. Kd2 Kd6 24. c3 1/2-1/2

[Event "Andorra Open"]
[Site "Escaldes"]
[Date "2019.08.01"]
[Round "6.20"]
[White "Gaudineau, Eric"]
[Black "Hapala, Elisabeth"]
[Result "1-0"]
[WhiteElo "2372"]
[BlackElo "2131"]
[PlyCount "67"]
[EventDate "2019.??.??"]
[EventCountry "AND"]

1. e4 c5 2. Nf3 e6 3. d4 cxd4 4. Nxd4 Nc6 5. Nc3 Qc7 6. Be3 a6 7. a3 Nf6 8. f4
d6 9. Qf3 Be7 10. O-O-O Bd7 11. Be2 Nxd4 12. Bxd4 Bc6 13. Qe3 O-O 14. g4 e5 15.
fxe5 dxe5 16. Bb6 Qc8 17. Nd5 Bxd5 18. exd5 Bd6 19. g5 Nd7 20. Bg4 Qe8 21. Ba5
Qe7 22. h4 Rac8 23. h5 Rc4 24. Bf5 Rfc8 25. g6 Ra4 26. Be1 Rcc4 27. gxf7+ Kh8
28. h6 g6 29. Bxd7 Rxa3 30. bxa3 Qxf7 31. Bg3 Qe7 32. Rd3 Qxd7 33. Bxe5+ Kg8
34. Bxd6 1-0

[Event "Andorra Open"]
[Site "Escaldes"]
[Date "2019.08.01"]
[Round "6.21"]
[White "Berkovich, Mark A"]
[Black "Purton, Ben J"]
[Result "1/2-1/2"]
[WhiteElo "2338"]
[BlackElo "2118"]
[PlyCount "34"]
[EventDate "2019.??.??"]
[EventCountry "AND"]

1. Nf3 Nf6 2. g3 d5 3. Bg2 g6 4. d4 Bg7 5. O-O O-O 6. c4 dxc4 7. Na3 Nc6 8.
Nxc4 Be6 9. b3 Bd5 10. Bb2 a5 11. a4 h6 12. Nfe5 Bxg2 13. Kxg2 e6 14. Nxc6 Qd5+
15. f3 Qxc6 16. e4 Rfd8 17. Qe2 Qa6 1/2-1/2

[Event "Andorra Open"]
[Site "Escaldes"]
[Date "2019.08.01"]
[Round "6.22"]
[White "Blom, Vincent"]
[Black "Trouve, Guillaume"]
[Result "1/2-1/2"]
[WhiteElo "2306"]
[BlackElo "2114"]
[PlyCount "52"]
[EventDate "2019.??.??"]
[EventCountry "AND"]

1. d4 Nf6 2. Nf3 e6 3. Bf4 d5 4. e3 Bd6 5. Bg3 c5 6. c3 O-O 7. Nbd2 Qc7 8. Bd3
Nbd7 9. O-O Bxg3 10. hxg3 e5 11. Be2 b6 12. b3 Bb7 13. Rc1 g6 14. c4 e4 15. Ng5
cxd4 16. exd4 e3 17. cxd5 exf2+ 18. Kxf2 Qd6 19. Nde4 Qxd5 20. Bf3 Qf5 21. Kg1
Bxe4 22. Bxe4 Qxg5 23. Bxa8 Qe3+ 24. Kh2 Qh6+ 25. Kg1 Qe3+ 26. Kh2 Qh6+ 1/2-1/2